Normal view
MARC view
Entry Topical Term
001 - CONTROL NUMBER
- control field: 17832
003 - CONTROL NUMBER IDENTIFIER
- control field: ARRUPE
005 - DATE AND TIME OF LATEST TRANSACTION
- control field: 20150515181520.0
008 - FIXED-LENGTH DATA ELEMENTS
- fixed length control field: 150515|| aca||aabn | a|a d
040 ## - CATALOGING SOURCE
- Original cataloging agency: ARRUPE
- Transcribing agency: ARRUPE
150 ## - HEADING--TOPICAL TERM
- Topical term or geographic name as entry element: Science
- General subdivision: history.
670 ## - SOURCE DATA FOUND
- Source citation: Work cat.: (ARRUPE)0: Conant, James Bryant, 1893-1978, editor. 17830, Harvard case histories in experimental science, 1957.